النظام الدولي بين الاستمرارية والتغيير : (Record no. 24773)
[ view plain ]
| 000 -الفاتح | |
|---|---|
| حقل البيانات ثابتة الطول | 00879nam a22002415a 4500 |
| 003 - محدد رقم الضبط | |
| رقم الضبط | OSt |
| 005 - وقت وتاريخ اخر تعامل مع التسجيلة | |
| رقم الضبط | 20170503151458.0 |
| 008 - عناصر البيانات ثابتة الطول - معلومات عامة | |
| حقل البيانات ثابتة الطول | 170503s2002 ua fr 000 0 eng d |
| 015 ## - | |
| -- | 2002 / 2621 |
| 020 ## - الرقم الدولى المعيارى للكتب | |
| الرقم الدولى المعيارى للكتاب | 9773130606 |
| 040 ## - مصدر الفهرسة | |
| وكالة الفهرسة الأصلية | EG-ScBUE |
| لغة الفهرسة | eng |
| وكالة النسخ | EG-ScBUE |
| وكالة التعديل | EG-ScBUE |
| 082 04 - رقم تصنيف ديوى العشرى | |
| رقم الطبعة | 22 |
| رقم التصنيف | 327 |
| رقم المادة | ز هـ ر |
| 100 1# - المدخل الرئيسى - إسم شخصى | |
| الإسم الشخصى | زهران، جمال علي، |
| التواريخ المصاحبة للاسم | 1955- |
| 245 12 - بيان العنوان | |
| العنوان | النظام الدولي بين الاستمرارية والتغيير : |
| بقية العنوان | دراسة في مشكلات معاصرة / |
| بيان المسئوليه,etc | جمال علي زهران. |
| 250 ## - بيان الطبعة | |
| بيان الطبعة | ط. 2. |
| 260 ## - PUBLICATION, DISTRIBUTION, ETC. (IMPRINT) | |
| مكان الناشر او الموزع | القاهرة : |
| اسم الناشر او الموزع | مركز المحروسة للبحوث والتدريب والنشر، |
| تاريخ النشر أو التوزيع | 2002. |
| 300 ## - الوصف المادى | |
| التعداد | 230 ص. ؛ |
| أبعاد الوعاء | 24 سم. |
| 650 #7 - المدخل الاضافى بالموضوع-مصطلح موضوعى | |
| مصدر الرأس أو المصطلح | BUEsh |
| مصطلح موضوعي أو اسم جغرافي كعنصر مدخل | التعاون الدولي. |
| 9 (RLIN) | 15471 |
| 650 #7 - المدخل الاضافى بالموضوع-مصطلح موضوعى | |
| مصدر الرأس أو المصطلح | BUEsh |
| مصطلح موضوعي أو اسم جغرافي كعنصر مدخل | السياسة الدولية. |
| 9 (RLIN) | 17594 |
| 651 ## - المدخل الاضافى بالموضوع - اسم جغرافى | |
| مصدر الرأس أو المصطلح | BUEsh |
| 653 ## - مصطلح تكشيفى غير مقيد | |
| Resource For college | Law |
| Arrived date list | May2017 |
| 942 ## - عناصر المدخل الإضافي( كوها) | |
| مصدر التصنيف او مخطط الترفيف | Dewey Decimal Classification |
| حالة التراجع | حالة الفقد | مصدر التصنيف او خطة الترفيف | حالة تلف | ليس للاعارة | مجموعات كوها | المكان الدائم | المكان الحالي | موقع الترفيف | تاريخ الاكتساب | Source of acquisition | سعر الشراء الطبيعي | تعداد مسلسل / التسلسل الزمني | رقم الاستدعاء | الباركود | Date last seen | التكلفة | نوع الوعاء | مُعار |
|---|---|---|---|---|---|---|---|---|---|---|---|---|---|---|---|---|---|---|
| Dewey Decimal Classification | Scientific_Group | Central Library | Central Library | First floor | 03/05/2017 | Purchase | 30.00 | 666 | 327 ز هـ ر | 000041779 | 15/07/2025 | 37.50 | Book - Borrowing | |||||
| Dewey Decimal Classification | Scientific_Group | Central Library | Central Library | First floor | 03/05/2017 | Purchase | 30.00 | 666 | 327 ز هـ ر | 000041780 | 15/07/2025 | 37.50 | Book - Borrowing | 09/11/2023 |